Caracterización geotécnica de las arcillas submarinas de la zona de Moín

Salvato in:
Dettagli Bibliografici
Autore principale: González Alfaro, Melissa
Natura: Libro
Pubblicazione: [San José, Costa Rica] 2004
Soggetti:
Tags: Aggiungi Tag
Nessun Tag, puoi essere il primo ad aggiungerne!!

MARC

LEADER 00000nam a2200000Ia 4500
003 009336
005 20221231144138.0
008 140114s2004 cr a m 000 ||s d
040 |c cru CEDI 
090 |a TFG 4875 
100 |a González Alfaro, Melissa  |9 6498 
245 |a Caracterización geotécnica de las arcillas submarinas de la zona de Moín  
260 |c 2004  |a  [San José, Costa Rica] 
300 |a xiii, 172, [24] hojas : ilustraciones (algunas a color)  
500 |a Proyecto de graduación (licenciatura en ingeniería civil)--Universidad de Costa Rica. Facultad de Ingeniería. Escuela de Ingeniería Civil 
650 |x SUELOS ARCILLOSOS   |x  PRUEBAS   |x  CIMENTACIONES   |x MUELLES   |x DISEÑO DE ESTRUCTURAS  |9 6499 
942 |c TFG 
999 |c 17558  |d 17558